The shape of me and other stuff / (Record no. 102321)
[ view plain ]
| 000 -LEADER | |
|---|---|
| fixed length control field | 00632nam a2200193 a 4500 |
| 005 - DATE AND TIME OF LATEST TRANSACTION | |
| control field | 20140412111234.0 |
| 008 - FIXED-LENGTH DATA ELEMENTS--GENERAL INFORMATION | |
| fixed length control field | 001115s19uu xx 00 eng d |
| 020 ## - INTERNATIONAL STANDARD BOOK NUMBER | |
| International Standard Book Number | 0-394-82687-6 |
| 050 ## - LIBRARY OF CONGRESS CALL NUMBER | |
| Classification number | ER |
| Item number | Sh1 |
| 100 ## - MAIN ENTRY--PERSONAL NAME | |
| Personal name | Seuss, Dr. |
| 245 ## - TITLE STATEMENT | |
| Title | The shape of me and other stuff / |
| Statement of responsibility, etc | Dr. Seus. |
| 260 ## - PUBLICATION, DISTRIBUTION, ETC. (IMPRINT) | |
| Place of publication, distribution, etc | New York : |
| Name of publisher, distributor, etc | Beginner Books, |
| Date of publication, distribution, etc | 1973. |
| 300 ## - PHYSICAL DESCRIPTION | |
| Extent | 1 v. (unp.) ; ill. ; col. |
| 440 ## - SERIES STATEMENT/ADDED ENTRY--TITLE | |
| Title | Beginner Books |
| 520 ## - SUMMARY, ETC. | |
| Summary, etc | Rhyme and silouhette drawings introduce the shapes of bugs, peanuts, camels, spider webs, and many other familiar objects. |
| 650 ## - SUBJECT ADDED ENTRY--TOPICAL TERM | |
| Topical term or geographic name as entry element | Sizes and shapes |
| 650 ## - SUBJECT ADDED ENTRY--TOPICAL TERM | |
| Topical term or geographic name as entry element | Children stories |
| Withdrawn status | Lost status | Damaged status | Use restrictions | Home library | Current library | Shelving location | Date acquired | Source of acquisition | Total Checkouts | Full call number | Barcode | Date last seen | Price effective from | Koha item type |
|---|---|---|---|---|---|---|---|---|---|---|---|---|---|---|
| Elizalde Library | Elizalde Library | Easy Reading Section | 12/07/2000 | ER Sh1 | E1401 | 04/12/2014 | 04/12/2014 | Books |